000 00876nam a2200253Ia 4500
003 OSt
005 20221005104204.0
006 a|||||r|||| 00| 0
007 ta
008 221004b |||||||| |||| 00| 0 hin d
024 _a107520
037 _cTextual
040 _aCRL
_cCRL
_bhin
041 _2hin
_ahin
082 _aO152,6N141x, K6;K9
100 _aस्नातक, विजयेन्द्र
245 0 _aसमीक्षात्मक निबन्ध
246 _aSamīkṣhātmak nibandha
260 _aदिल्ली
_bनेश्नल पब्लिशिंग हाउस भारत
_c1969
300 _a255पृ0
_ccm.
650 _aहिन्दी साहित्य
942 _hO152,6N141x, K6;K9
_cTEXL
_2cc
999 _c1011981
_d1011981